00396pab a2200133 454500008004000000100002000040245009800060260000900158300001300167362000800180650002300188700002000211773003100231180718b2012 xxu||||| |||| 00| 0 eng d aChou, Jui-Sheng aProject management knowledge and effects on construction project-outcomes: An empirical study c2012 ap.47-67. aOct aProject management aYang, Jung-Ghun aProject Management Journal